00596nam a22002057a 4500010001300000020002300013035001300036037001800049040001200067082001700079100001700096245006700113250001200180260003700192270005600229300002000285650003800305650002700343700002000370 aB-227747 a8171771742c650.00 aB-227747 bCen Lib / Ret aDPLbEN a347.052bMAL aMitra, B. B. aThe Limitation Act, 1963 /cby B. B. Mitra [and] M. R. Mallick a21st ed aKolkatabEastern Law Housec2005 a54 Ganesh Chunder Avenue Kolkata bKolkata e700013 a1640pb25cm(Hb) a Limitation of actions -- India.  aLimitation of actions. aMallick, M. R.